Generación de empleo, la microempresa alternativa (Registro nro. 6570)
[ vista simple ]
| 000 -LEADER | |
|---|---|
| fixed length control field | 01415 a2200217 4500 |
| 001 - CONTROL NUMBER | |
| control field | 59017 |
| 005 - DATE AND TIME OF LATEST TRANSACTION | |
| control field | 20260407155845.0 |
| 008 - FIXED-LENGTH DATA ELEMENTS--GENERAL INFORMATION | |
| fixed length control field | 260407a1988 arg spa d |
| 003 - CONTROL NUMBER IDENTIFIER | |
| control field | AR-UNSa-BCEJYS |
| 040 ## - CATALOGING SOURCE | |
| Original cataloging agency | AR-UNSa-BCEJYS |
| Language of cataloging | spa |
| Transcribing agency | AR-UNSa-BCEJYS |
| 080 ## - UNIVERSAL DECIMAL CLASSIFICATION NUMBER | |
| Universal Decimal Classification number | 338.642 |
| Common auxiliary subdivision | Pequeña Empresa |
| 020 ## - INTERNATIONAL STANDARD BOOK NUMBER | |
| International Standard Book Number | 950-9370-11-8 |
| 100 1# - MAIN ENTRY--PERSONAL NAME | |
| Personal name | Rofman, Alejandro |
| 245 10 - TITLE STATEMENT | |
| Title | Generación de empleo, la microempresa alternativa |
| 264 #1 - PRODUCTION, PUBLICATION, DISTRIBUTION, MANUFACTURE, AND COPYRIGHT NOTICE | |
| Place of production, publication, distribution, manufacture | Buenos Aires : |
| Name of producer, publisher, distributor, manufacturer | Ediciones CEUR |
| Date of production, publication, distribution, manufacture, or copyright notice | 1988 |
| 300 ## - PHYSICAL DESCRIPTION | |
| Extent | 203 p. |
| Dimensions | 20 cm. |
| 505 ## - FORMATTED CONTENTS NOTE | |
| Formatted contents note | 1. Un programa de promoción, capacitación, asistencia técnica y financiamiento de microempresas productivas – 2. Bases para un programa de promoción del sector informal urbano – 3. Crédito e intermediación financiera para el sector informal (Ajustando la operación convencional de las entidades crediticias) – 4. Las pequeñas unidades productivas agropecuarias: Dificultades actuales en materia de financiamiento y propuesta de una nueva estrategia financiera – 5. La microempresa: notas para su análisis – 6. Racionalidad, riesgo y viabilidad de la microempresa – 7. La microempresa: un fenómeno en busca de su identidad – 8. Promoción y desarrollo del empleo. Alternativas ante la crisis – 9. La micro y pequeña unidad productiva en el Uruguay. Planes y políticas de promoción |
| 590 ## - LOCAL NOTE (RLIN) | |
| Local note | niveau_biblio:m niveau_hierar:0 |
| 700 1# - ADDED ENTRY--PERSONAL NAME | |
| Personal name | Moreno, Guillermo |
| 942 ## - ADDED ENTRY ELEMENTS (KOHA) | |
| Koha item type | |
| Withdrawn status | Lost status | Damaged status | Not for loan | Home library | Current library | Shelving location | Date acquired | Total checkouts | Full call number | Barcode | Date last seen | Price effective from | Koha item type |
|---|---|---|---|---|---|---|---|---|---|---|---|---|---|
| Biblioteca Prof. Eusebio Cleto del Rey | Biblioteca Prof. Eusebio Cleto del Rey | 07/04/2026 | 338.642 R628 | L58742 | 07/04/2026 | 07/04/2026 | Libro |